000 00674nam a2200205Ia 4500
003 GCL
005 20240530104520.0
008 140319s9999 xx 000 0 ara d
040 _aGCL /
_cGCL
082 0 4 _a615.191
_bم م
100 1 _aمحمد رؤوف حامد
245 1 0 _aمستقبل صناعة الدواء فى مصر والمنطقة العربية /
_cمحمد رؤوف حامد
260 _aالقاهرة :
_bالمكتبة الاكاديمية ،
_c1997
300 _a46 ص ؛
_c27سم
490 _aكراسات مستقبلية
_v0
650 0 4 _aالادوية
650 0 4 _aالصيدلة
650 0 4 _aالدواء- صناعة
942 _2ddc
_cBK
999 _c48268
_d48268